000 00575cam a2200217ua 4500
001 73
008 110316n ii |||gr||||Z||||||eng
020 _a978-81-317-0328-1
040 _cMAIN
082 _a005.73
245 _aData structures using C and C++
_cBy Yedidyah Langsam.
250 _a2nd.
260 _aNew Delhi.:
_bPearson Education.,
_c2009.
300 _a688 p.:
_bill.;
_c20 cm.
653 _aComputer Science.
653 _aData Structure.
700 _aLangsam, Yedidyah.,
700 _aAugenstein, Moshe J.,
700 _aTenenbaum, Aaron M.,
942 _cBK
999 _c64
_d64